| Tag |
First Indicator |
Second Indicator |
Subfields |
| LEADER |
00000cam a22000001i 4500 |
| 001 |
in00004438017 |
| 005 |
20210728141328.0 |
| 006 |
m |o d | |
| 007 |
cr |n||||||||| |
| 008 |
170502s2017 flua ob 001 0 eng d |
| 020 |
|
|
|a 9781317560326 (electronic bk.)
|
| 020 |
|
|
|a 1317560329 (electronic bk.)
|
| 020 |
|
|
|z 9781138628762
|
| 020 |
|
|
|z 113862876X
|
| 020 |
|
|
|z 9781138831735
|
| 020 |
|
|
|z 1138831735
|
| 024 |
8 |
|
|a 99986774630
|
| 035 |
|
|
|a (NhCcYBP)ybp13967671
|
| 040 |
|
|
|a NhCcYBP
|c NhCcYBP
|d UtOrBLW
|
| 050 |
|
4 |
|a QA76.65
|b .J33 2017
|
| 082 |
0 |
4 |
|a 005.1/18
|2 23
|
| 100 |
1 |
|
|a Jackson, Chris
|q (Chris B.),
|e author.
|0 http://id.loc.gov/authorities/names/no2008032386
|
| 245 |
1 |
0 |
|a Digital design in action :
|b creative solutions for designers /
|c Chris Jackson, Nancy Ciolek.
|
| 264 |
|
1 |
|a Boca Raton, FL :
|b CRC Press, Taylor & Francis Group,
|c [2017]
|
| 300 |
|
|
|a 1 online resource.
|
| 336 |
|
|
|a text
|b txt
|2 rdacontent
|
| 337 |
|
|
|a computer
|b c
|2 rdamedia
|
| 338 |
|
|
|a online resource
|b cr
|2 rdacarrier
|
| 504 |
|
|
|a Includes bibliographical references and index.
|
| 505 |
0 |
|
|a Understanding visual communication design -- Creating a visual presentation -- Prototyping a user interface (UI) design -- Designing interactions -- Exploring responsive design -- Integrating motion in digital design -- Composing interactive forms -- Publishing to mobile devices -- Understanding visual storytelling -- Evaluating and testing usability.
|
| 588 |
|
|
|a Description based on print version record.
|
| 500 |
|
|
|a Electronic resource.
|
| 650 |
|
0 |
|a Visual programming (Computer science)
|0 http://id.loc.gov/authorities/subjects/sh87006583
|
| 650 |
|
0 |
|a Graphical user interfaces (Computer systems)
|0 http://id.loc.gov/authorities/subjects/sh93002168
|
| 650 |
|
0 |
|a Visual communication
|x Digital techniques.
|0 http://id.loc.gov/authorities/subjects/sh92001578
|
| 655 |
|
7 |
|a Electronic books.
|2 local
|
| 700 |
1 |
|
|a Ciolek, Nancy,
|e author.
|0 http://id.loc.gov/authorities/names/n2016035353
|
| 710 |
2 |
|
|a EBSCOhost.
|
| 776 |
1 |
8 |
|c Original
|z 9781138628762
|z 113862876X
|z 9781138831735
|z 1138831735
|w (DLC) 2016025683
|
| 856 |
4 |
0 |
|u http://proxy.library.tamu.edu/login?url=https://search.ebscohost.com/login.aspx?direct=true&scope=site&db=nlebk&db=nlabk&AN=1500799
|z Connect to the full text of this electronic book
|t 0
|
| 945 |
|
|
|b 805194
|
| 955 |
|
|
|a YBP purchased EBSCO DDA e-records
|
| 999 |
f |
f |
|s 86df606f-fec2-3db5-8f14-93f405a06cda
|i 8f655439-1f6e-3905-a987-b9d6bda003ac
|t 0
|
| 952 |
f |
f |
|a Texas A&M University
|b College Station
|c Electronic Resources
|d Available Online
|t 0
|e QA76.65 .J33 2017
|h Library of Congress classification
|
| 998 |
f |
f |
|a QA76.65 .J33 2017
|t 0
|l Available Online
|